Представление документа в формате MARC21

Поле Инд. ПП Название Значение
Тип записи a
Библиографический уровень m
001 Контрольный номер RU/IS/BASE/471695420
005 Дата корректировки 20150123140228.1
040 a Служба первич. каталог. НБ ТвГУ
b Код языка каталог. rus
e Правила каталог. PSBO
041 0_ a Код языка текста rus
080 a Индекс УДК 512
080 a Индекс УДК 517
084 a Индекс другой классификации/Индекс ББК В14
084 a Индекс другой классификации/Индекс ББК В16
090 a Полочн. индекс В1
x Авторский знак Б 33
100 1_ a Автор Башмаков Марк Иванович
q Полное имя Башмаков М. И.
245 10 a Заглавие Задачи по математике
b Продолж. заглавия алгебра и анализ
c Ответственность под ред. Д. К. Фаддеева
246 _0 a Другая форма заглавия Алгебра и анализ
260 a Место издания Москва
b Издательство Наука
c Дата издания 1982
300 a Объем 190, [1] с.
b Иллюстрации/ тип воспроизводства ил.
440 _0 a Серия Библиотечка "Квант"
v N тома вып. 22
653 a Ключевые слова Алгебра
a Ключевые слова Задачи по математике
a Ключевые слова Математика
a Ключевые слова Математика в школе
a Ключевые слова Математический анализ
700 1_ a Другие авторы Беккер Борис Михайлович
q Полное имя Беккер Б. М.
700 1_ a Другие авторы Гольховой Владимир Михайлович
q Полное имя Гольховой В. М.
901 t Тип документа m
920 a Оператор Семен
a Оператор Суха
a Оператор Густ
a Оператор Стро
930 a Новая/Ретро новая
952 c Вид литературы К ру
954 a Дата поступления на обработку 20150121
c Дата окончания ОНО 20150123
b Дата поступления в ОК 20141212